[Event "81st Tata Steel Tienkamp 2019"]
[Site "Wijk aan Zee"]
[Date "2019.01.26"]
[Round "8"]
[White "Beukema, Stefan"]
[Black "Vrolijk, Liam"]
[Result "0-1"]
[WhiteElo "2414"]
[BlackElo "2433"]
[Annotator "NA"]
[PlyCount "108"]
[EventDate "2019.01.12"]
[EventType "tourn"]
[EventCountry "NED"]
[SourceTitle "playchess.com"]
[Source "ChessBase"]
[SourceQuality "1"]

1. e4 c5 2. Nf3 Nc6 3. d4 cxd4 4. Nxd4 Nf6 5. Nc3 e5 6. Ndb5 d6 7. Bg5 a6 8. Na3 b5 9. Nd5 Be7 10. Bxf6 Bxf6 11. c4 b4 12. Nc2 O-O 13. Be2 a5 14. O-O Bg5 15. Bf3 Be6 16. Qd3 Qb8 17. b3 Bd8 18. a3 bxa3 19. Rxa3 Bb6 20. b4 Bxd5 21. Qxd5 axb4 22. Rxa8 Qxa8 23. Ra1 Qc8 24. Qb5 Bc5 25. h3 Na7 26. Qa4 Nc6 27. Qb5 Nd4 28. Nxd4 Bxd4 29. Ra6 Bc5 30. Bd1 Qd8 31. Qc6 Qh4 32. Ra2 g6 33. Bb3 Kg7 34. Bd1 Qf4 35. Qd5 Bd4 36. Bb3 Qc1+ 37. Kh2 Qc3 38. c5 Qxc5 39. Ra6 Qxd5 40. Bxd5 Rb8 41. Ra8 Rxa8 42. Bxa8 b3 43. Bd5 b2 44. Ba2 Bxf2 45. g4 Kf6 46. Kg2 Bc5 47. Kf3 Kg5 48. Kg3 h5 49. Bb1 hxg4 50. hxg4 d5 51. exd5 f5 52. gxf5 gxf5 53. Kf3 e4+ 54. Ke2 Kf6 0-1

[Event "81st Tata Steel Tienkamp 2019"]
[Site "Wijk aan Zee"]
[Date "2019.01.26"]
[Round "8"]
[White "Kosakowski, Jakub"]
[Black "Martens, Martin"]
[Result "1-0"]
[WhiteElo "2404"]
[BlackElo "2382"]
[Annotator "NA"]
[PlyCount "71"]
[EventDate "2019.01.12"]
[EventType "tourn"]
[EventCountry "NED"]
[SourceTitle "playchess.com"]
[Source "ChessBase"]
[SourceQuality "1"]

1. e4 c5 2. Nf3 g6 3. d4 cxd4 4. Qxd4 Nf6 5. Nc3 Nc6 6. Qa4 d6 7. e5 dxe5 8. Nxe5 Bd7 9. Nxd7 Nxd7 10. Be3 Bg7 11. Rd1 a6 12. Be2 Qa5 13. Qxa5 Nxa5 14. Nd5 Rc8 15. c3 Nc4 16. Bxc4 Rxc4 17. Ke2 Be5 18. Rd2 e6 19. Nb4 Ke7 20. Rhd1 Rc7 21. Bg5+ f6 22. Be3 g5 23. g3 g4 24. Nd3 Bd6 25. Ne1 Be5 26. f4 gxf3+ 27. Nxf3 b5 28. g4 h6 29. h3 Rb7 30. Nxe5 Nxe5 31. Rd6 h5 32. g5 Rg8 33. Rxa6 fxg5 34. Bc5+ Kf6 35. Rf1+ Kg7 36. Bd4 1-0

[Event "85th Tata Steel Masters 2023"]
[Site "Wijk aan Zee"]
[Date "2023.01.22"]
[Round "8.1"]
[White "Abdusattorov, Nodirbek"]
[Black "Aronian, Levon"]
[Result "1/2-1/2"]
[WhiteElo "2713"]
[BlackElo "2735"]
[Annotator "TA"]
[PlyCount "62"]
[EventDate "2023.01.10"]
[EventType "tourn"]
[EventCountry "NED"]
[SourceTitle "playchess.com"]
[Source "ChessBase"]
[SourceQuality "1"]

1. e4 e5 2. Nf3 Nc6 3. Bb5 Nf6 4. d3 Bc5 5. Bxc6 dxc6 6. Nbd2 Be6 7. O-O Bd6 8. Nb3 b6 9. Qe1 Nd7 10. Qc3 c5 11. Ng5 Nf8 12. f4 f6 13. Nxe6 Nxe6 14. Qc4 Qd7 15. f5 Nd4 16. Nxd4 cxd4 17. a4 a5 18. Bd2 Qf7 19. Qc6+ Ke7 20. Rf3 Qe8 21. Qc4 Qf7 22. Qc6 Qe8 23. Qxe8+ Raxe8 24. Kf2 g5 25. fxg6 hxg6 26. Rf1 Ke6 27. h4 f5 28. g3 Ref8 29. Ke2 Be7 30. Kd1 c5 31. b3 Rh7 1/2-1/2

[Event "84th Tata Steel Masters 2022"]
[Site "Wijk aan Zee"]
[Date "2022.01.23"]
[Round "8.1"]
[White "Shankland, Sam"]
[Black "Carlsen, Magnus"]
[Result "1/2-1/2"]
[WhiteElo "2708"]
[BlackElo "2856"]
[Annotator "TA"]
[PlyCount "69"]
[EventDate "2022.01.15"]
[EventType "tourn"]
[EventCountry "NED"]
[SourceTitle "playchess.com"]
[Source "ChessBase"]
[SourceQuality "1"]

1. d4 d5 2. c4 e6 3. Nc3 c5 4. cxd5 cxd4 5. Qa4+ Bd7 6. Qxd4 exd5 7. Qxd5 Nf6 8. Qb3 Na6 9. Nf3 Nc5 10. Qc2 Rc8 11. e3 Nce4 12. Bd3 Nxc3 13. bxc3 Nd5 14. O-O Nxc3 15. Bb2 Bb4 16. Bxc3 Bxc3 17. Rab1 Bf6 18. Qe2 Rc7 19. e4 O-O 20. e5 Be7 21. Nd4 Bc5 22. e6 Bxe6 23. Nxe6 fxe6 24. Qxe6+ Kh8 25. Qh3 h6 26. Qg3 Rd7 27. Rb3 Rf6 28. h3 b6 29. Be2 Rd2 30. Rd3 Rxd3 31. Bxd3 Qd6 32. Qxd6 Rxd6 33. Rd1 g5 34. Kf1 Kg7 35. Bc2 1/2-1/2

[Event "83rd Tata Steel Masters 2021"]
[Site "Wijk aan Zee"]
[Date "2021.01.24"]
[Round "8.1"]
[White "Esipenko, Andrey"]
[Black "Carlsen, Magnus"]
[Result "1-0"]
[WhiteElo "2677"]
[BlackElo "2862"]
[Annotator "TA"]
[PlyCount "75"]
[EventDate "2021.01.16"]
[EventType "tourn"]
[EventCountry "NED"]
[SourceTitle "playchess.com"]
[Source "ChessBase"]
[SourceQuality "1"]

1. e4 c5 2. Nf3 d6 3. d4 cxd4 4. Nxd4 Nf6 5. Nc3 a6 6. Be2 e6 7. Be3 Be7 8. g4 b5 9. g5 Nfd7 10. a3 Bxg5 11. Qd2 Bxe3 12. Qxe3 Qh4 13. Rg1 g6 14. O-O-O Qe7 15. f4 Bb7 16. Kb1 Nc6 17. Ncxb5 axb5 18. Nxc6 Bxc6 19. Qc3 O-O 20. Qxc6 d5 21. exd5 Rfc8 22. d6 Qd8 23. Qxb5 Rcb8 24. Qc4 Rxa3 25. Qc7 Qe8 26. Rg5 Ra4 27. Ra5 Rab4 28. b3 R4b7 29. Qc3 Qd8 30. Bf3 Rb4 31. Qc7 Qf6 32. Ra8 Rxa8 33. Bxa8 Qf5 34. Kb2 Rb5 35. Qxd7 Rc5 36. Rc1 Qxf4 37. Qe8+ Kg7 38. d7 1-0

[Event "84th Tata Steel Challengers 2022"]
[Site "Wijk aan Zee"]
[Date "2022.01.23"]
[Round "8.1"]
[White "Erigaisi Arjun"]
[Black "Bjerre, Jonas Buhl"]
[Result "1-0"]
[WhiteElo "2629"]
[BlackElo "2586"]
[Annotator "TA"]
[PlyCount "59"]
[EventDate "2022.01.15"]
[EventType "tourn"]
[EventCountry "NED"]
[SourceTitle "playchess.com"]
[Source "ChessBase"]
[SourceQuality "1"]

1. e4 c5 2. Nf3 e6 3. g3 Nc6 4. Bg2 d5 5. exd5 exd5 6. O-O Nf6 7. d4 cxd4 8. Nxd4 Be7 9. h3 O-O 10. Be3 Nxd4 11. Bxd4 Bf5 12. Nc3 Ne4 13. Re1 Bf6 14. Bxf6 Nxf6 15. Nxd5 Nxd5 16. Qxd5 Qxd5 17. Bxd5 Bxc2 18. Re7 Rad8 19. Bxb7 a5 20. Rae1 a4 21. Bc6 Rd4 22. Rd7 Rb4 23. Rd2 Bf5 24. a3 Rb6 25. Bxa4 Bxh3 26. Re5 Rfb8 27. Rb5 Kf8 28. Rd8+ Rxd8 29. Rxb6 Be6 30. Bb3 1-0

[Event "85th Tata Steel Challengers 2023"]
[Site "Wijk aan Zee"]
[Date "2023.01.22"]
[Round "8.1"]
[White "Mishra, Abhimanyu"]
[Black "Donchenko, Alexander"]
[Result "1/2-1/2"]
[WhiteElo "2559"]
[BlackElo "2627"]
[Annotator "TA"]
[PlyCount "57"]
[EventDate "2023.01.10"]
[EventType "tourn"]
[EventCountry "NED"]
[SourceTitle "playchess.com"]
[Source "ChessBase"]
[SourceQuality "1"]

1. d4 Nf6 2. c4 c6 3. Nf3 d5 4. e3 Bf5 5. Nc3 e6 6. Nh4 Be4 7. f3 Bg6 8. Bd2 Be7 9. Nxg6 hxg6 10. Qc2 Nbd7 11. O-O-O a6 12. Kb1 dxc4 13. Bxc4 c5 14. g4 Nb6 15. dxc5 Nxc4 16. Qa4+ Nd7 17. Qxc4 Nxc5 18. Ne4 Nxe4 19. Qxe4 Qb6 20. Bc3 Bf6 21. Bxf6 gxf6 22. h4 Rd8 23. Rxd8+ Qxd8 24. a3 Kf8 25. h5 Kg7 26. Rc1 gxh5 27. gxh5 Rxh5 28. Qxb7 Qd3+ 29. Ka1 1/2-1/2

[Event "Tata Steel Tienkampen 2023"]
[Site "Wijk aan Zee"]
[Date "2023.01.28"]
[Round "8.1"]
[White "Zwirs, Nico"]
[Black "Beukema, Stefan"]
[Result "0-1"]
[WhiteElo "2467"]
[BlackElo "2411"]
[Annotator "TA"]
[PlyCount "106"]
[EventDate "2023.01.20"]
[EventType "swiss"]
[EventCountry "NED"]
[SourceTitle "playchess.com"]
[Source "ChessBase"]
[SourceQuality "1"]

1. d4 f5 2. Nc3 Nf6 3. Bf4 d6 4. Qd3 e6 5. e4 fxe4 6. Nxe4 Nc6 7. Nf3 Bd7 8. c3 Qe7 9. O-O-O O-O-O 10. Bg3 h6 11. Be2 g5 12. Nxf6 Qxf6 13. Nd2 Qg7 14. Rhe1 Ne7 15. h3 h5 16. f3 Nd5 17. c4 Nf4 18. Bxf4 gxf4 19. Bf1 Be7 20. Ne4 Rhe8 21. Nc3 Bf6 22. Re2 Kb8 23. Ne4 Be7 24. Nc3 Bc8 25. a3 Bh4 26. Qc2 Bf6 27. Qd3 c5 28. dxc5 dxc5 29. Qc2 Bd4 30. Ree1 Rd6 31. Nb5 Red8 32. Nxd6 Rxd6 33. Bd3 Rb6 34. b3 a5 35. a4 Bd7 36. Be4 Bxa4 37. Rd3 Be8 38. Kd1 a4 39. Qa2 Bc3 40. Rd8+ Kc7 41. Rxe8 Qd7+ 42. Kc1 axb3 43. Qf2 Bd4 44. Qh4 b2+ 45. Kc2 Qxe8 46. Rb1 Qa4+ 47. Kd2 Qxc4 48. Qe7+ Kb8 49. Bd3 Qc1+ 50. Rxc1 Be3+ 51. Ke2 bxc1=Q 52. Qe8+ Ka7 53. Qa4+ Ra6 0-1

[Event "86th Tata Steel Tienkamp 2024"]
[Site "Wijk aan Zee"]
[Date "2024.01.27"]
[Round "8.1"]
[White "Holzke, Frank"]
[Black "Pijpers, Arthur"]
[Result "1/2-1/2"]
[WhiteElo "2460"]
[BlackElo "2441"]
[Annotator "TA"]
[PlyCount "22"]
[EventDate "2024.01.02"]
[EventType "tourn"]
[EventCountry "NED"]
[SourceTitle "playchess.com"]
[Source "ChessBase"]
[SourceQuality "1"]

1. Nf3 Nf6 2. d4 g6 3. c4 Bg7 4. g3 c6 5. Nc3 d5 6. Ne5 O-O 7. Bg2 Nfd7 8. Nxd7 Bxd7 9. cxd5 cxd5 10. Bxd5 Nc6 11. O-O Bxd4 1/2-1/2

[Event "84th Tata Steel Masters 2022"]
[Site "Wijk aan Zee"]
[Date "2022.01.23"]
[Round "8.2"]
[White "Mamedyarov, Shakhriyar"]
[Black "Praggnanandhaa R"]
[Result "1-0"]
[WhiteElo "2767"]
[BlackElo "2612"]
[Annotator "TA"]
[PlyCount "91"]
[EventDate "2022.01.15"]
[EventType "tourn"]
[EventCountry "NED"]
[SourceTitle "playchess.com"]
[Source "ChessBase"]
[SourceQuality "1"]

1. c4 e5 2. g3 c6 3. d4 e4 4. Qa4 d5 5. cxd5 b5 6. Qb3 Nf6 7. Bg5 Qa5+ 8. Nc3 b4 9. Nd1 Nxd5 10. Bh3 Bxh3 11. Nxh3 Nd7 12. Rc1 h6 13. Bd2 Rc8 14. f3 N7f6 15. Nhf2 exf3 16. e4 Nb6 17. O-O Be7 18. Ne3 Qa4 19. Qd3 Qb5 20. Qxb5 cxb5 21. Rxc8+ Nxc8 22. e5 Nd7 23. Nf5 g6 24. Rc1 Ndb6 25. Nxe7 Nxe7 26. Bxb4 Nbd5 27. Bxe7 Kxe7 28. Ne4 g5 29. h3 f6 30. Rc5 f5 31. Nd2 Rd8 32. Nxf3 b4 33. Kf2 Nb6 34. Rc6 Rc8 35. Rxc8 Nxc8 36. h4 g4 37. Ne1 Nb6 38. Ng2 Na4 39. Ne3 Nxb2 40. Nxf5+ Ke6 41. Nxh6 Nd1+ 42. Ke1 Nc3 43. Nxg4 Nxa2 44. h5 Nc3 45. Kd2 Ne4+ 46. Kc2 1-0

[Event "82nd Tata Steel Masters 2020"]
[Site "Wijk aan Zee"]
[Date "2020.01.19"]
[Round "8.2"]
[White "Xiong, Jeffery"]
[Black "Kovalev, Vladislav"]
[Result "0-1"]
[WhiteElo "2712"]
[BlackElo "2660"]
[Annotator "TA"]
[PlyCount "132"]
[EventDate "2020.01.11"]
[EventType "tourn"]
[EventCountry "NED"]
[SourceTitle "playchess.com"]
[Source "ChessBase"]
[SourceQuality "1"]

1. c4 g6 2. d4 Bg7 3. e4 d6 4. Nc3 e5 5. d5 h5 6. Be2 Bh6 7. Nf3 Bg4 8. Bxh6 Nxh6 9. Nd2 c5 10. dxc6 bxc6 11. b4 O-O 12. O-O Nd7 13. Nb3 Nb6 14. Na5 Qc7 15. f3 Be6 16. Qd2 Kg7 17. Rfd1 Rad8 18. Rac1 f5 19. b5 c5 20. Nc6 Rd7 21. a4 f4 22. a5 Nc8 23. Nd5 Qb7 24. Qc3 Kh7 25. Rd2 Rg7 26. Rb1 g5 27. a6 Qa8 28. Nxa7 Qxa7 29. Qa5 Bxd5 30. Rxd5 Nb6 31. Rxd6 Rg6 32. Rc6 Rc8 33. Rxc8 Nxc8 34. Qd8 Nb6 35. Rd1 Nf7 36. Qe8 Kg7 37. g3 Qc7 38. Ra1 Qd6 39. Rd1 Qc7 40. Ra1 Qd6 41. Rd1 Qf6 42. Rd3 fxg3 43. hxg3 h4 44. Qc6 Qxc6 45. bxc6 Rxc6 46. a7 Rc7 47. Ra3 Na8 48. Ra6 Rb7 49. Ra2 Kf6 50. Kg2 hxg3 51. Kxg3 Nd8 52. Ra5 Nc6 53. Rxc5 Nd4 54. Rc8 Nxe2+ 55. Kf2 Rxa7 56. Kxe2 Nc7 57. Rf8+ Kg6 58. Rg8+ Kf6 59. Rf8+ Ke7 60. Rf5 Ra5 61. Kf2 Ne6 62. Kg3 Nd4 63. Rxg5 Kf6 64. Rg8 Ra3 65. Kg2 Ra2+ 66. Kg3 Ra1 0-1

[Event "85th Tata Steel Challengers 2023"]
[Site "Wijk aan Zee"]
[Date "2023.01.22"]
[Round "8.2"]
[White "Yilmaz, Mustafa"]
[Black "Sindarov, Javokhir"]
[Result "1-0"]
[WhiteElo "2609"]
[BlackElo "2654"]
[Annotator "TA"]
[PlyCount "75"]
[EventDate "2023.01.10"]
[EventType "tourn"]
[EventCountry "NED"]
[SourceTitle "playchess.com"]
[Source "ChessBase"]
[SourceQuality "1"]

1. Nf3 Nf6 2. c4 g6 3. Nc3 Bg7 4. e4 e5 5. Nxe5 O-O 6. Nf3 Re8 7. Bd3 Nxe4 8. Bxe4 Bxc3 9. dxc3 Rxe4+ 10. Be3 d6 11. c5 d5 12. O-O Bg4 13. Qb3 Nc6 14. Nd4 Na5 15. Qb5 b6 16. c6 Qd6 17. Bg5 f6 18. Bc1 Bf5 19. b3 a6 20. Qd3 Nxc6 21. Nxf5 gxf5 22. f3 Ne5 23. Qc2 Rh4 24. Qxf5 Rxh2 25. f4 Rxg2+ 26. Kxg2 Ng6 27. Qh3 d4 28. Bd2 Kh8 29. Rae1 dxc3 30. Qxc3 Rg8 31. Kf3 Ne7 32. Ke2 Nd5 33. Qf3 Qc6 34. Rc1 Qd7 35. Kd1 Nb4 36. Rc4 Rd8 37. Qc3 Nd3 38. Qxf6+ 1-0

[Event "84th Tata Steel Challengers 2022"]
[Site "Wijk aan Zee"]
[Date "2022.01.23"]
[Round "8.2"]
[White "Van Foreest, Lucas"]
[Black "Nguyen, Thai Dai Van"]
[Result "1/2-1/2"]
[WhiteElo "2530"]
[BlackElo "2609"]
[Annotator "TA"]
[PlyCount "120"]
[EventDate "2022.01.15"]
[EventType "tourn"]
[EventCountry "NED"]
[SourceTitle "playchess.com"]
[Source "ChessBase"]
[SourceQuality "1"]

1. d4 Nf6 2. c4 e6 3. Nf3 d5 4. g3 Bb4+ 5. Bd2 Be7 6. Bg2 O-O 7. O-O Nbd7 8. Qc2 c6 9. Bf4 b6 10. Rd1 Bb7 11. Ne5 Nh5 12. Bd2 Nhf6 13. cxd5 cxd5 14. Nc6 Bxc6 15. Qxc6 a6 16. Qc2 b5 17. Qd3 Qc8 18. Rc1 Qb7 19. Bf4 Rfc8 20. Nd2 Rxc1+ 21. Rxc1 Rc8 22. Qb1 Nb6 23. Rc2 Nfd7 24. e4 Nf6 25. e5 Nfd7 26. Bf1 Nc4 27. Bd3 h6 28. Qc1 Nb8 29. b3 Ba3 30. Qd1 Nxd2 31. Rxc8+ Qxc8 32. Qxd2 Nc6 33. Bb1 h5 34. Kg2 Qc7 35. Qd1 g6 36. Be3 Ne7 37. Qd2 Nf5 38. Bg5 Bf8 39. h3 Ne7 40. g4 hxg4 41. hxg4 Nc6 42. Be3 Qc8 43. f4 Bb4 44. Qc1 Ne7 45. Qxc8+ Nxc8 46. Kf3 Ne7 47. Ke2 Nc6 48. Kd3 Kf8 49. Bc1 Ke8 50. a3 Be7 51. Bc2 Bh4 52. Ke3 Kd7 53. Bb2 Bd8 54. Kd3 Bb6 55. Bd1 Ke7 56. Bf3 Na5 57. Bd1 Nc6 58. Bc3 Kd7 59. Bf3 Na5 60. Bd1 Nc6 1/2-1/2

[Event "Tata Steel Tienkampen 2023"]
[Site "Wijk aan Zee"]
[Date "2023.01.28"]
[Round "8.2"]
[White "De Winter, Arthur"]
[Black "Van Dael, Siem"]
[Result "0-1"]
[WhiteElo "2371"]
[BlackElo "2291"]
[Annotator "TA"]
[PlyCount "60"]
[EventDate "2023.01.20"]
[EventType "swiss"]
[EventCountry "NED"]
[SourceTitle "playchess.com"]
[Source "ChessBase"]
[SourceQuality "1"]

1. e4 c5 2. Nf3 d6 3. d4 cxd4 4. Nxd4 Nf6 5. Nc3 a6 6. h4 e5 7. Nb3 Be6 8. f4 Qc7 9. f5 Bc4 10. Nd2 d5 11. Bxc4 dxc4 12. g4 h5 13. g5 Ng4 14. Nd5 Qa5 15. c3 b5 16. a4 Nc6 17. b4 Bxb4 18. cxb4 Nxb4 19. Nxb4 Qxb4 20. Rb1 Qc5 21. Qf3 O-O-O 22. Ba3 Qa7 23. Rc1 Rd3 24. Qxd3 Qf2+ 25. Kd1 Ne3+ 26. Qxe3 Qxe3 27. Be7 c3 28. Rc2 Kb7 29. Re1 Qd3 30. axb5 axb5 0-1

[Event "85th Tata Steel Masters 2023"]
[Site "Wijk aan Zee"]
[Date "2023.01.22"]
[Round "8.3"]
[White "So, Wesley"]
[Black "Ding, Liren"]
[Result "1/2-1/2"]
[WhiteElo "2760"]
[BlackElo "2811"]
[Annotator "TA"]
[PlyCount "83"]
[EventDate "2023.01.10"]
[EventType "tourn"]
[EventCountry "NED"]
[SourceTitle "playchess.com"]
[Source "ChessBase"]
[SourceQuality "1"]

1. e4 c6 2. d4 d5 3. e5 c5 4. dxc5 e6 5. a3 Bxc5 6. b4 Be7 7. Nf3 f6 8. Bb2 Nd7 9. c4 Nxe5 10. Nxe5 fxe5 11. Bxe5 Bf6 12. Nd2 a5 13. b5 Nh6 14. Bxf6 Qxf6 15. Bd3 O-O 16. O-O b6 17. Qe2 Bb7 18. Rae1 Rae8 19. cxd5 Bxd5 20. Bc4 Qg6 21. g3 Ng4 22. f3 Nf6 23. Qe3 Nd7 24. Qd4 Qf6 25. Qxf6 gxf6 26. f4 Kg7 27. Rd1 Nc5 28. f5 Rf7 29. fxe6 Bxe6 30. Bxe6 Rxe6 31. Nc4 Ne4 32. Rfe1 Rfe7 33. Rd3 Kg6 34. Nd2 Nxd2 35. Rxe6 Rxe6 36. Rxd2 Re5 37. a4 Re4 38. Rd6 Rxa4 39. Rxb6 Rb4 40. Rb8 a4 41. Ra8 Rxb5 42. Rxa4 1/2-1/2

[Event "83rd Tata Steel Masters 2021"]
[Site "Wijk aan Zee"]
[Date "2021.01.24"]
[Round "8.3"]
[White "Harikrishna, Pentala"]
[Black "Firouzja, Alireza"]
[Result "0-1"]
[WhiteElo "2732"]
[BlackElo "2749"]
[Annotator "TA"]
[PlyCount "112"]
[EventDate "2021.01.16"]
[EventType "tourn"]
[EventCountry "NED"]
[SourceTitle "playchess.com"]
[Source "ChessBase"]
[SourceQuality "1"]

1. d4 d5 2. c4 c6 3. cxd5 cxd5 4. Bf4 Nc6 5. e3 Bf5 6. Bb5 e6 7. Nc3 Nge7 8. Rc1 a6 9. Be2 f6 10. g4 Bg6 11. Nf3 Bf7 12. Bg3 h5 13. g5 Ng6 14. gxf6 h4 15. fxg7 Bxg7 16. Be5 Ngxe5 17. dxe5 Nxe5 18. Nd4 Rc8 19. O-O Nc6 20. Bg4 Nxd4 21. exd4 Rc6 22. Ne2 h3 23. Rc3 Rh4 24. Rg3 Qc7 25. Re1 Kf8 26. Qd3 e5 27. Qa3+ Qd6 28. Qxd6+ Rxd6 29. Bxh3 exd4 30. Nc1 Rdh6 31. Bg2 Rxh2 32. Nd3 R2h5 33. f4 Rc6 34. Bf3 Rhh6 35. Rg2 Rhg6 36. f5 Rh6 37. Nf4 d3 38. Nxd3 Bd4+ 39. Nf2 Rc2 40. Kf1 Rxb2 41. Re2 Rb1+ 42. Re1 Rhb6 43. Nd3 Bc3 44. Rxb1 Rxb1+ 45. Kf2 Ke7 46. Rh2 Kf6 47. Ke3 Kg5 48. Nc5 Rb5 49. Rh7 Bg8 50. Rc7 Kxf5 51. Nxb7 d4+ 52. Kf2 Rb2+ 53. Be2 Kf4 54. Nd6 Bd2 55. Kf1 Rb1+ 56. Bd1 d3 0-1

[Event "82nd Tata Steel Masters 2020"]
[Site "Wijk aan Zee"]
[Date "2020.01.19"]
[Round "8.3"]
[White "Yu, Yangyi"]
[Black "Duda, Jan-Krzysztof"]
[Result "0-1"]
[WhiteElo "2726"]
[BlackElo "2758"]
[Annotator "TA"]
[PlyCount "136"]
[EventDate "2020.01.11"]
[EventType "tourn"]
[EventCountry "NED"]
[SourceTitle "playchess.com"]
[Source "ChessBase"]
[SourceQuality "1"]

1. e4 c5 2. Nf3 Nc6 3. d4 cxd4 4. Nxd4 g6 5. Nc3 Bg7 6. Be3 Nf6 7. Bc4 Qa5 8. O-O O-O 9. Bb3 d6 10. Nd5 Re8 11. Nxf6+ Bxf6 12. c3 Bd7 13. f4 Nxd4 14. Bxd4 Bxd4+ 15. Qxd4 Qc5 16. Qxc5 dxc5 17. Kf2 e5 18. Ke3 exf4+ 19. Rxf4 Be6 20. Rd1 Bxb3 21. axb3 Re7 22. Rd5 b6 23. Kd3 Rae8 24. b4 cxb4 25. cxb4 Kg7 26. Rd4 Rc7 27. Rf1 Re6 28. Rf2 Rec6 29. e5 Rc1 30. Re2 Rd1+ 31. Ke4 Rf1 32. Kd3 h5 33. g3 Rf3+ 34. Ke4 Rb3 35. Rf2 Re7 36. Kf4 Kh6 37. Ke4 f5+ 38. Kd5 Rd7+ 39. Kc4 Rxb4+ 40. Kxb4 Rxd4+ 41. Kb5 Rd5+ 42. Ka6 Ra5+ 43. Kb7 Rxe5 44. Kxa7 Rb5 45. h4 Rb3 46. Rc2 b5 47. Kb6 b4 48. Kb5 Rxg3 49. Kxb4 Rg4+ 50. Kc5 Rxh4 51. b4 Re4 52. b5 Re8 53. Rb2 g5 54. b6 g4 55. b7 Rb8 56. Kd4 Kg5 57. Ke3 h4 58. Rb5 h3 59. Kf2 h2 60. Kg2 g3 61. Kh1 Kg4 62. Rb6 f4 63. Rg6+ Kh4 64. Rh6+ Kg5 65. Rb6 Rh8 66. Rb1 f3 67. Rb5+ Kg4 68. Rb4+ Kh3 0-1

[Event "84th Tata Steel Masters 2022"]
[Site "Wijk aan Zee"]
[Date "2022.01.23"]
[Round "8.3"]
[White "Esipenko, Andrey"]
[Black "Giri, Anish"]
[Result "0-1"]
[WhiteElo "2714"]
[BlackElo "2772"]
[Annotator "TA"]
[PlyCount "98"]
[EventDate "2022.01.15"]
[EventType "tourn"]
[EventCountry "NED"]
[SourceTitle "playchess.com"]
[Source "ChessBase"]
[SourceQuality "1"]

1. e4 e5 2. Nf3 Nc6 3. Bc4 Nf6 4. d3 Bc5 5. c3 O-O 6. O-O d5 7. exd5 Nxd5 8. Re1 Bg4 9. Nbd2 Nb6 10. h3 Bh5 11. Bb3 Qxd3 12. Nxe5 Qf5 13. Nef3 Rfe8 14. g4 Bxg4 15. hxg4 Qxg4+ 16. Kh1 Ne5 17. Nh2 Qg6 18. Bc2 Nd3 19. Bxd3 Qxd3 20. Ndf3 Qxd1 21. Rxd1 Bxf2 22. Bf4 c6 23. Rd2 Be3 24. Bxe3 Rxe3 25. Nd4 Nc4 26. Rf2 Rae8 27. Raf1 Nd6 28. Nf5 Nxf5 29. Rxf5 f6 30. Kg2 Kf7 31. Rd1 h5 32. Rf2 g5 33. Rd7+ R3e7 34. Rd6 Re6 35. Rd7+ R8e7 36. Rd8 g4 37. Rh8 Kg6 38. Rg8+ Rg7 39. Rf8 Kg5 40. Nf1 h4 41. a4 a5 42. b4 b6 43. bxa5 bxa5 44. Ra8 Re5 45. Nd2 g3 46. Nf3+ Kf4 47. Rf1 h3+ 48. Kxh3 g2 49. Rf2 Ke3 0-1

[Event "82nd Tata Steel Challengers 2020"]
[Site "Wijk aan Zee"]
[Date "2020.01.19"]
[Round "8.3"]
[White "Mamedov, Rauf"]
[Black "Warmerdam, Max"]
[Result "1-0"]
[WhiteElo "2659"]
[BlackElo "2498"]
[Annotator "TA RC"]
[PlyCount "49"]
[EventDate "2020.01.11"]
[EventType "tourn"]
[EventCountry "NED"]
[SourceTitle "playchess.com"]
[Source "ChessBase"]
[SourceQuality "1"]

1. e4 e5 2. Nf3 Nc6 3. Bc4 Nf6 4. d3 Bc5 5. c3 a6 6. Bb3 Ba7 7. Nbd2 h6 8. h3 O-O 9. g4 d5 10. g5 hxg5 11. Nxg5 Ne7 12. exd5 Nexd5 13. Nde4 Bf5 14. Qf3 Bg6 15. Rg1 c6 16. Bd2 a5 17. O-O-O a4 18. Bc2 Nh5 19. d4 exd4 20. c4 Nb6 21. Ng3 d3 22. Bxd3 Qxd3 23. Qxd3 Bxd3 24. Nxh5 Bg6 25. Nf4 1-0

[Event "84th Tata Steel Challengers 2022"]
[Site "Wijk aan Zee"]
[Date "2022.01.23"]
[Round "8.3"]
[White "Ganguly, Surya Shekhar"]
[Black "Jumabayev, Rinat"]
[Result "0-1"]
[WhiteElo "2627"]
[BlackElo "2631"]
[Annotator "TA"]
[PlyCount "72"]
[EventDate "2022.01.15"]
[EventType "tourn"]
[EventCountry "NED"]
[SourceTitle "playchess.com"]
[Source "ChessBase"]
[SourceQuality "1"]

1. e4 e5 2. Nf3 Nc6 3. Bc4 Bc5 4. c3 Nf6 5. d3 d6 6. a4 a5 7. O-O O-O 8. h3 Be6 9. Bb5 Na7 10. d4 Nxb5 11. dxc5 Na7 12. Qe2 Nc6 13. Rd1 Bb3 14. Rd2 d5 15. exd5 Bxd5 16. Qd1 Qd7 17. Ng5 h6 18. c4 hxg5 19. cxd5 Nd4 20. Rd3 Nxd5 21. Bxg5 Qf5 22. Nc3 Nb4 23. Rg3 Ra6 24. Be3 Rd8 25. Rg5 Qe6 26. Nb5 Rc6 27. Nxd4 exd4 28. Bxd4 Qh6 29. h4 Rg6 30. Ra3 Rxg5 31. hxg5 Qh4 32. g4 Qxg5 33. Rh3 Qf4 34. Qb1 Qxg4+ 35. Kh2 Rxd4 36. Qh7+ Kf8 0-1

[Event "85th Tata Steel Challengers 2023"]
[Site "Wijk aan Zee"]
[Date "2023.01.22"]
[Round "8.3"]
[White "Ivic, Velimir"]
[Black "Pechac, Jergus"]
[Result "1-0"]
[WhiteElo "2585"]
[BlackElo "2637"]
[Annotator "TA"]
[PlyCount "83"]
[EventDate "2023.01.10"]
[EventType "tourn"]
[EventCountry "NED"]
[SourceTitle "playchess.com"]
[Source "ChessBase"]
[SourceQuality "1"]

1. e4 e5 2. Nf3 Nc6 3. Bb5 Nf6 4. O-O Nxe4 5. d4 Nd6 6. Bxc6 dxc6 7. dxe5 Nf5 8. Qxd8+ Kxd8 9. h3 Be7 10. Nc3 Nh4 11. Nxh4 Bxh4 12. Be3 h5 13. Rad1+ Ke8 14. Ne4 Bf5 15. Ng5 Bxc2 16. Rd4 Bxg5 17. Bxg5 c5 18. Rd2 Ba4 19. b3 Bc6 20. Rfd1 f6 21. exf6 gxf6 22. Bxf6 Rg8 23. f4 Kf7 24. Bg5 a5 25. Rc1 b6 26. Kf2 Rae8 27. Kg3 Rg6 28. Rcd1 Rge6 29. Kh4 Re2 30. g3 a4 31. bxa4 Bxa4 32. Rxe2 Rxe2 33. Rd8 c4 34. Rc8 c5 35. f5 c3 36. Rc7+ Kf8 37. Bh6+ Kg8 38. f6 Rf2 39. Rg7+ Kh8 40. f7 c2 41. Rg8+ Kh7 42. Bf4 1-0

[Event "Tata Steel Tienkampen 2023"]
[Site "Wijk aan Zee"]
[Date "2023.01.28"]
[Round "8.3"]
[White "Van der Werf, Mark"]
[Black "Pijpers, Arthur"]
[Result "0-1"]
[WhiteElo "2412"]
[BlackElo "2445"]
[Annotator "TA"]
[PlyCount "62"]
[EventDate "2023.01.20"]
[EventType "swiss"]
[EventCountry "NED"]
[SourceTitle "playchess.com"]
[Source "ChessBase"]
[SourceQuality "1"]

1. d4 Nf6 2. c4 g6 3. Nc3 Bg7 4. e4 d6 5. h3 O-O 6. Bg5 c5 7. d5 e6 8. Bd3 exd5 9. cxd5 b5 10. Bxb5 h6 11. Bd2 Nbd7 12. Nge2 Rb8 13. Qc2 Nh5 14. g4 Ne5 15. O-O-O a6 16. Ba4 Nf6 17. Nb1 Nxe4 18. Qxe4 f5 19. Qc2 fxg4 20. Ng3 Rxf2 21. Rdf1 c4 22. Rxf2 Nd3+ 23. Qxd3 Bxb2+ 24. Kc2 cxd3+ 25. Kxd3 Be5 26. Ne4 Bf5 27. Nbc3 Qa5 28. Bb3 Bxe4+ 29. Nxe4 Rxb3+ 30. axb3 Qxd5+ 31. Ke3 Qd4+ 0-1